[Event "Roquetas de Mar op 27th"]
[Site "Roquetas de Mar"]
[Date "2016.01.04"]
[Round "4"]
[White "Xu, Xiangyu"]
[Black "Bykov, Alexey"]
[Result "1/2-1/2"]
[WhiteElo "2466"]
[BlackElo "2305"]
[PlyCount "123"]
[EventDate "2016.01.02"]
[EventType "swiss"]
[EventRounds "9"]
[EventCountry "ESP"]
[SourceTitle "CBM 170 Extra"]
[Source "ChessBase"]
[SourceDate "2016.02.25"]
[SourceVersion "1"]
[SourceVersionDate "2016.02.25"]
[SourceQuality "1"]

1. e4 e5 2. Nf3 Nc6 3. Bc4 Bc5 4. 0-0 Nf6 5. d4 Bxd4 6. Nxd4 Nxd4 7. f4 d6 8. fxe5 dxe5 9. Bg5 Qe7 10. Na3 Ne6 11. Bxf6 gxf6 12. Qf3 Nf4 13. g3 Rg8 14. Kh1 Bh3 15. gxf4 Bxf1 16. Rxf1 0-0-0 17. Bd3 Rg7 18. fxe5 fxe5 19. Qf5+ Kb8 20. Qf6 Qxf6 21. Rxf6 Rd6 22. Rf1 Rdg6 23. Nc4 Rg5 24. Nd2 c6 25. Nf3 Rh5 26. Be2 Kc7 27. Nd4 Rhg5 28. Nf5 R7g6 29. Bf3 Rf6 30. h3 Rg8 31. Kh2 Rd8 32. Rf2 b5 33. h4 a5 34. h5 a4 35. Rg2 a3 36. b3 Kb6 37. Kg1 Kc5 38. Bg4 Kb4 39. Rg3 Rd2 40. c3+ Kc5 41. Rg2 Rb2 42. Kf1 Re6 43. Bd1 b4 44. cxb4+ Kxb4 45. Re2 Re8 46. Ne3 Rd8 47. Ke1 Kc3 48. b4 Rxe2+ 49. Bxe2 Rd4 50. b5 cxb5 51. Bxb5 Rxe4 52. Kf2 Rh4 53. Be8 Kb2 54. Kg3 Rf4 55. Nd5 Rf5 56. Ne3 Rxh5 57. Bxf7 Rg5+ 58. Kh4 Rg7 59. Bb3 e4 60. Bd5 Ra7 61. Kg4 Kc3 62. Kf4 1/2-1/2

[Event "Albena op-A"]
[Site "Albena"]
[Date "2015.06.22"]
[Round "6"]
[White "Popov, Valerij"]
[Black "Bykov, Alexey"]
[Result "1-0"]
[WhiteElo "2555"]
[BlackElo "2318"]
[PlyCount "47"]
[EventDate "2015.06.17"]
[EventType "swiss"]
[EventRounds "9"]
[EventCountry "BUL"]
[SourceTitle "CBM 167 Extra"]
[Source "ChessBase"]
[SourceDate "2015.09.14"]
[SourceVersion "1"]
[SourceVersionDate "2015.09.14"]
[SourceQuality "1"]

1. d4 d5 2. c4 c6 3. Nc3 Nf6 4. e3 e6 5. Nf3 Nbd7 6. Bd3 dxc4 7. Bxc4 b5 8. Bd3 Bd6 9. 0-0 Bb7 10. a3 a5 11. e4 e5 12. Ne2 0-0 13. Bg5 exd4 14. Nexd4 Ne5 15. Bc2 h6 16. Bh4 Ng6 17. Nf5 Nxh4 18. Nxd6 Nxf3+ 19. gxf3 Bc8 20. Kh1 Nh5 21. e5 Nf4 22. Rg1 Qh4 23. Qd4 g6 24. Nxc8 1-0

[Event "Albena op-A"]
[Site "Albena"]
[Date "2015.06.20"]
[Round "4"]
[White "Petrosian, Tigran L"]
[Black "Bykov, Alexey"]
[Result "1-0"]
[WhiteElo "2643"]
[BlackElo "2318"]
[PlyCount "109"]
[EventDate "2015.06.17"]
[EventType "swiss"]
[EventRounds "9"]
[EventCountry "BUL"]
[SourceTitle "CBM 167 Extra"]
[Source "ChessBase"]
[SourceDate "2015.09.14"]
[SourceVersion "1"]
[SourceVersionDate "2015.09.14"]
[SourceQuality "1"]

1. Nf3 d5 2. g3 c6 3. Bg2 Bg4 4. 0-0 Nd7 5. h3 Bxf3 6. Bxf3 e6 7. d4 Ngf6 8. c4 Bd6 9. Qb3 Rb8 10. Nc3 0-0 11. Rd1 Qe7 12. Bg2 b5 13. cxd5 cxd5 14. a4 bxa4 15. Qxa4 Rb7 16. Nb5 Nb6 17. Qa6 Bb8 18. b3 Rc8 19. Ba3 Qd7 20. Rdc1 Rxc1+ 21. Rxc1 h6 22. Nd6 Rc7 23. Rxc7 Qxc7 24. Qb7 Qxb7 25. Nxb7 Bc7 26. e3 Nc8 27. Bb4 Ne8 28. Bf1 Ned6 29. Na5 Kf8 30. Nc6 Ke8 31. Ba6 Bb6 32. Ne5 f6 33. Ng6 Ne7 34. Nf4 Kd7 35. Nh5 Nc6 36. Bxd6 Kxd6 37. Nxg7 Na5 38. b4 Nc6 39. b5 Nd8 40. g4 Kd7 41. Nh5 Ke7 42. Bc8 Bc7 43. Kf1 Nf7 44. Ng7 Nd8 45. Ke2 Kf7 46. Nh5 Ke7 47. Kd3 Kf7 48. f4 Ke7 49. h4 Kf7 50. f5 exf5 51. Bxf5 Ke7 52. Bc8 Bh2 53. Ng7 Kf7 54. Nf5 Kf8 55. Bd7 1-0

[Event "Voronezh op-B 18th"]
[Site "Voronezh"]
[Date "2014.06.16"]
[Round "5"]
[White "Bykov, Alexey"]
[Black "Shabunin, Danil"]
[Result "0-1"]
[WhiteElo "1999"]
[BlackElo "1763"]
[PlyCount "44"]
[EventDate "2014.06.12"]
[EventType "swiss"]
[EventRounds "9"]
[EventCountry "RUS"]
[SourceTitle "EXT 2015"]
[Source "ChessBase"]
[SourceDate "2014.11.20"]
[SourceVersion "1"]
[SourceVersionDate "2014.11.20"]
[SourceQuality "1"]

1. c4 f5 2. Nc3 Nf6 3. g3 g6 4. Bg2 Bg7 5. e4 d6 6. Nge2 0-0 7. 0-0 e5 8. exf5 gxf5 9. f4 Nc6 10. Nd5 Be6 11. Nec3 Qd7 12. d3 Rab8 13. Nxf6+ Rxf6 14. Nd5 Rg6 15. Be3 Nd8 16. Bxa7 Ra8 17. Be3 Nf7 18. Bd2 Re8 19. fxe5 dxe5 20. Qc2 c6 21. Nc3 Rd8 22. b3 e4 0-1

[Event "Golden Sands Europe op 3rd"]
[Site "Golden Sands"]
[Date "2014.06.16"]
[Round "7"]
[White "Dolzhikova, Olga"]
[Black "Bykov, Alexey"]
[Result "0-1"]
[WhiteElo "2218"]
[BlackElo "2359"]
[PlyCount "86"]
[EventDate "2014.06.10"]
[EventType "swiss"]
[EventRounds "9"]
[EventCountry "BUL"]
[SourceTitle "CBM 160 Extra"]
[Source "ChessBase"]
[SourceDate "2014.07.01"]
[SourceVersion "1"]
[SourceVersionDate "2014.07.01"]
[SourceQuality "1"]

1. e4 e5 2. Nf3 Nc6 3. Bc4 Bc5 4. c3 Nf6 5. d3 0-0 6. Bb3 d5 7. Qe2 a5 8. 0-0 a4 9. Bc2 Re8 10. Bg5 d4 11. a3 Qd6 12. c4 Ne7 13. Ne1 Nd7 14. Qd1 Qc6 15. g3 f6 16. Bc1 f5 17. Nd2 Nf6 18. Ng2 Bd7 19. Kh1 Qe6 20. f3 Rf8 21. b4 axb3 22. Nxb3 Ba7 23. c5 fxe4 24. dxe4 Qh3 25. Bd3 b6 26. Nxd4 Ng4 27. fxg4 exd4 28. Bf4 bxc5 29. g5 Be6 30. Qe2 Ng6 31. Bc4 Rae8 32. Bxc7 Bxc4 33. Qxc4+ Qe6 34. Rxf8+ Nxf8 35. Qb5 c4 36. e5 c3 37. Nf4 Qd7 38. Qxd7 Nxd7 39. Nd3 Nc5 40. Nxc5 Bxc5 41. Kg2 d3 42. Kf1 c2 43. Ba5 Be3 0-1

[Event "Golden Sands Europe op 3rd"]
[Site "Golden Sands"]
[Date "2014.06.15"]
[Round "6"]
[White "Bykov, Alexey"]
[Black "Xylogiannopoulos, Antonios"]
[Result "1/2-1/2"]
[WhiteElo "2359"]
[BlackElo "2137"]
[PlyCount "47"]
[EventDate "2014.06.10"]
[EventType "swiss"]
[EventRounds "9"]
[EventCountry "BUL"]
[SourceTitle "CBM 160 Extra"]
[Source "ChessBase"]
[SourceDate "2014.07.01"]
[SourceVersion "1"]
[SourceVersionDate "2014.07.01"]
[SourceQuality "1"]

1. c4 e5 2. Nc3 Bb4 3. Nf3 Bxc3 4. bxc3 Nc6 5. e4 Nf6 6. d3 d6 7. g3 0-0 8. Bg2 Bg4 9. h3 Be6 10. 0-0 h6 11. Ne1 Nd7 12. g4 g5 13. Nc2 Ne7 14. Ne3 Ng6 15. Nf5 Kh7 16. Rb1 b6 17. Kh2 Nf4 18. Bxf4 gxf4 19. Qe2 Rg8 20. Bf3 Qf6 21. Rh1 Rad8 22. Rbg1 Bxf5 23. exf5 Qh4 24. Rg2 1/2-1/2

[Event "Voronezh op-B 18th"]
[Site "Voronezh"]
[Date "2014.06.15"]
[Round "4"]
[White "Tverdokhleb, Aleksandr"]
[Black "Bykov, Alexey"]
[Result "1-0"]
[WhiteElo "1812"]
[BlackElo "1999"]
[PlyCount "41"]
[EventDate "2014.06.12"]
[EventType "swiss"]
[EventRounds "9"]
[EventCountry "RUS"]
[SourceTitle "EXT 2015"]
[Source "ChessBase"]
[SourceDate "2014.11.20"]
[SourceVersion "1"]
[SourceVersionDate "2014.11.20"]
[SourceQuality "1"]

1. e4 e5 2. Nf3 Nc6 3. d4 exd4 4. Nxd4 Bc5 5. Be3 Qf6 6. c3 Nge7 7. Nc2 Bxe3 8. Nxe3 d6 9. Bc4 0-0 10. 0-0 Ne5 11. Bb3 Qg6 12. Nd2 Be6 13. Bxe6 fxe6 14. Qb3 Qf7 15. f4 Nd3 16. Qxb7 Nxf4 17. Qxc7 Ne2+ 18. Kh1 Qh5 19. Qxd6 e5 20. Qe6+ Kh8 21. Qg4 1-0

[Event "Golden Sands Europe op 2nd"]
[Site "Golden Sands"]
[Date "2013.06.13"]
[Round "4"]
[White "Bykov, Alexey"]
[Black "Mgeladze, Tamaz"]
[Result "0-1"]
[WhiteElo "2378"]
[BlackElo "2197"]
[PlyCount "98"]
[EventDate "2013.06.10"]
[EventType "swiss"]
[EventRounds "9"]
[EventCountry "BUL"]
[SourceTitle "CBM 154 Extra"]
[Source "ChessBase"]
[SourceDate "2013.06.25"]
[SourceVersion "2"]
[SourceVersionDate "2013.06.25"]
[SourceQuality "1"]

1. e4 c5 2. Nf3 Nc6 3. Bb5 g6 4. c3 Bg7 5. d4 Qb6 6. Bxc6 Qxc6 7. 0-0 cxd4 8. cxd4 Qxe4 9. Re1 Qf5 10. Qe2 e6 11. b3 Nf6 12. Ba3 Nd5 13. Nbd2 Bf8 14. Bxf8 Kxf8 15. Nc4 Qf4 16. Rac1 Kg7 17. g3 Qb8 18. Ne3 Nxe3 19. Qxe3 d6 20. h4 Bd7 21. h5 Rc8 22. Qf4 Rxc1 23. Rxc1 h6 24. g4 g5 25. Nxg5 hxg5 26. Qxg5+ Kh7 27. Qe7 Qe8 28. Qxd6 Bc6 29. Rc5 Rd8 30. Qf4 Rd5 31. Rxd5 Bxd5 32. Kh2 Qg8 33. Kg3 Qg7 34. f3 f6 35. Qd6 Qf7 36. Qf4 Qe7 37. Kf2 Kg7 38. Qb8 a5 39. Qf4 b5 40. Qb8 b4 41. Qb6 Qb7 42. Qd8 Bxf3 43. h6+ Kh7 44. Qxf6 Bxg4 45. Kg3 Bf5 46. d5 Qc7+ 47. Kf2 Qf4+ 48. Ke1 Qe3+ 49. Kd1 Bg4+ 0-1

[Event "Badalona op-A 38th"]
[Site "Badalona"]
[Date "2012.08.06"]
[Round "6"]
[White "Bykov, Alexey"]
[Black "Hernandez Carmenates, Holden"]
[Result "1/2-1/2"]
[WhiteElo "2374"]
[BlackElo "2566"]
[PlyCount "150"]
[EventDate "2012.08.01"]
[EventType "swiss"]
[EventRounds "9"]
[EventCountry "ESP"]
[SourceTitle "CBM 149 Extra"]
[Source "ChessBase"]
[SourceDate "2012.08.24"]
[SourceVersion "1"]
[SourceVersionDate "2012.08.24"]
[SourceQuality "1"]

1. d4 Nf6 2. c4 e6 3. g3 c5 4. d5 exd5 5. cxd5 d6 6. Nc3 g6 7. Bg2 Bg7 8. Nf3 0-0 9. 0-0 Re8 10. Nd2 a6 11. a4 Nbd7 12. Nc4 Nb6 13. Na3 Ng4 14. a5 Nd7 15. h3 Ngf6 16. Nc4 Ne5 17. Nb6 Rb8 18. f4 Ned7 19. Nc4 Qc7 20. e4 b5 21. axb6 Nxb6 22. Na5 Bd7 23. Re1 Bb5 24. e5 Nfd7 25. Nc6 Ra8 26. Nxb5 axb5 27. Rxa8 Rxa8 28. e6 Nf6 29. f5 Re8 30. g4 gxf5 31. gxf5 fxe6 32. fxe6 Nc8 33. Bg5 Kh8 34. Rf1 Rf8 35. Qe2 Ne7 36. Nxe7 Qxe7 37. Qxb5 Qa7 38. Qc6 Ng8 39. Qxd6 Bd4+ 40. Kh1 Rxf1+ 41. Bxf1 Qg7 42. Qg3 Be5 43. Qh4 Qb7 44. Qe4 Qxb2 45. Bf4 Bd4 46. e7 Qa1 47. Kg2 Qa2+ 48. Be2 Nxe7 49. Qxe7 Qxd5+ 50. Bf3 Qa2+ 51. Qe2 Qf7 52. Bg3 Qg6 53. h4 h6 54. Bd5 Bg7 55. Kh2 Qf6 56. Qe4 Qd8 57. Bc4 Qd2+ 58. Kh3 Qd7+ 59. Be6 Qe8 60. Qf5 Qe7 61. Bc4 Qf8 62. Qe4 Qc8+ 63. Kh2 Bd4 64. Be5+ Bxe5+ 65. Qxe5+ Kh7 66. Qe7+ Kh8 67. Qf6+ Kh7 68. Bd3+ Kg8 69. Qg6+ Kf8 70. Qxh6+ Ke7 71. Qg5+ Kd6 72. Qf4+ Ke7 73. Qe5+ Qe6 74. Qxc5+ Qd6+ 75. Qxd6+ Kxd6 1/2-1/2

[Event "Golden Sands Europe op 1st"]
[Site "Golden Sands"]
[Date "2012.06.05"]
[Round "2"]
[White "Chirila, Ioan Cristian"]
[Black "Bykov, Alexey"]
[Result "0-1"]
[WhiteElo "2521"]
[BlackElo "2346"]
[PlyCount "96"]
[EventDate "2012.06.04"]
[EventType "swiss"]
[EventRounds "9"]
[EventCountry "BUL"]
[SourceTitle "CBM 148 Extra"]
[Source "ChessBase"]
[SourceDate "2012.06.22"]
[SourceVersion "1"]
[SourceVersionDate "2012.06.22"]
[SourceQuality "1"]

1. e4 e5 2. Nf3 Nc6 3. Bb5 a6 4. Ba4 Nf6 5. 0-0 Be7 6. Re1 b5 7. Bb3 d6 8. c3 0-0 9. h3 Na5 10. Bc2 c5 11. d4 Qc7 12. Nbd2 cxd4 13. cxd4 Nc6 14. Nb3 a5 15. Be3 a4 16. Nbd2 Bd7 17. Rc1 Qb7 18. Qe2 Rfe8 19. Bd3 exd4 20. Nxd4 Ne5 21. Bb1 Bd8 22. f4 Ng6 23. Qf3 Bb6 24. Kh2 Qa7 25. Nc6 Bxc6 26. Rxc6 Bxe3 27. Rxe3 Nd5 28. Rd3 Nb4 29. Rcxd6 Nxd3 30. Bxd3 Rad8 31. e5 Rxd6 32. exd6 Qd4 33. Bxg6 hxg6 34. Ne4 Kf8 35. Nc3 Qxd6 36. Nxb5 Qb4 37. Nc7 Rd8 38. Qe3 Qd4 39. Qc1 Kg8 40. Nb5 Qf2 41. b3 Qxa2 42. bxa4 Qxa4 43. Qc7 Re8 44. Nc3 Qd4 45. Nb5 Qf2 46. Na7 Re3 47. f5 Qxf5 48. Qd8+ Kh7 0-1

[Event "Seville op 37th"]
[Site "Seville"]
[Date "2012.01.15"]
[Round "9"]
[White "Bykov, Alexey"]
[Black "Gonzalez Galvan, Juan Manuel"]
[Result "1-0"]
[WhiteElo "2337"]
[BlackElo "2214"]
[PlyCount "65"]
[EventDate "2012.01.07"]
[EventType "swiss"]
[EventRounds "9"]
[EventCountry "ESP"]
[SourceTitle "CBM 146 Extra"]
[Source "ChessBase"]
[SourceDate "2012.02.29"]
[SourceVersion "1"]
[SourceVersionDate "2012.02.29"]
[SourceQuality "1"]

1. e4 c5 2. Nf3 Nc6 3. Bb5 g6 4. Bxc6 dxc6 5. h3 Bg7 6. d3 Nh6 7. Nc3 f6 8. Be3 b6 9. a3 a5 10. Na4 Nf7 11. 0-0 0-0 12. c4 Rb8 13. Qc2 e5 14. Rab1 f5 15. Qe2 f4 16. Bd2 g5 17. Nh2 h5 18. b4 axb4 19. axb4 Ra8 20. Nc3 g4 21. hxg4 hxg4 22. Nxg4 Qh4 23. f3 Bxg4 24. fxg4 Nh6 25. Rf3 Nxg4 26. Rh3 Qg5 27. Rg3 cxb4 28. Rxg4 Qe7 29. Nd1 Ra2 30. Bxb4 Qxb4 31. Qxa2 Qe1+ 32. Kh2 Rf6 33. Nf2 1-0

[Event "Seville op 37th"]
[Site "Seville"]
[Date "2012.01.12"]
[Round "6"]
[White "Barrantes Munoz, Hugo Pedro"]
[Black "Bykov, Alexey"]
[Result "1/2-1/2"]
[WhiteElo "2211"]
[BlackElo "2337"]
[PlyCount "53"]
[EventDate "2012.01.07"]
[EventType "swiss"]
[EventRounds "9"]
[EventCountry "ESP"]
[SourceTitle "CBM 146 Extra"]
[Source "ChessBase"]
[SourceDate "2012.02.29"]
[SourceVersion "1"]
[SourceVersionDate "2012.02.29"]
[SourceQuality "1"]

1. Nf3 d5 2. c4 e6 3. g3 Nf6 4. Bg2 dxc4 5. Na3 Bxa3 6. bxa3 0-0 7. Bb2 c5 8. Ne5 Nd5 9. Nxc4 Nc6 10. 0-0 b6 11. Rc1 Bb7 12. d4 b5 13. Ne5 Nxe5 14. dxe5 Rc8 15. e4 Nb6 16. Qg4 Nc4 17. Bc3 Rc7 18. Rfd1 Rd7 19. Bf1 h5 20. Qxh5 Bxe4 21. Rxd7 Qxd7 22. Rd1 Qc6 23. Qh4 Nxa3 24. Rd8 Rxd8 25. Qxd8+ Kh7 26. Qh4+ Kg8 27. Qd8+ 1/2-1/2

[Event "Vienna op 17th"]
[Site "Vienna"]
[Date "2011.08.21"]
[Round "9"]
[White "Jakovljevic, Vlado"]
[Black "Bykov, Alexey"]
[Result "1-0"]
[WhiteElo "2377"]
[BlackElo "2278"]
[PlyCount "101"]
[EventDate "2011.08.13"]
[EventType "swiss"]
[EventRounds "9"]
[EventCountry "AUT"]
[SourceTitle "CBM 143 Extra"]
[Source "ChessBase"]
[SourceDate "2011.08.29"]
[SourceVersion "1"]
[SourceVersionDate "2011.08.29"]
[SourceQuality "1"]

1. Nf3 d5 2. d4 Nf6 3. c4 c6 4. Nc3 dxc4 5. a4 Bf5 6. Ne5 e6 7. f3 Bb4 8. Nxc4 0-0 9. Kf2 c5 10. e4 Bxc3 11. bxc3 Bxe4 12. fxe4 Nxe4+ 13. Kg1 Nxc3 14. Qe1 cxd4 15. Ba3 Re8 16. Nd6 Re7 17. Nb5 Rd7 18. Nxc3 dxc3 19. Qxc3 Nc6 20. h4 Nd4 21. Rc1 Qf6 22. Rh3 Rad8 23. Bb2 e5 24. Kh1 Qf2 25. Ba1 Nc6 26. Qe3 Qa2 27. Qb3 Qd2 28. Qc3 Qf4 29. Kg1 Qxa4 30. Qc4 Qxc4 31. Rxc4 Rd1 32. Bc3 Rc1 33. Kf2 f5 34. Be1 Rb1 35. Rd3 Rb2+ 36. Kg1 Rxd3 37. Bxd3 e4 38. Bc2 Kf7 39. Ba4 Rb1 40. Kf2 Ne5 41. Rc7+ Ke6 42. Bc3 g6 43. Bc2 Ng4+ 44. Kg3 Rf1 45. Rxh7 Ne3 46. Bb3+ Kd6 47. Rf7 b5 48. Bb4+ Ke5 49. Re7+ Kd4 50. Rd7+ Ke5 51. Bc3# 1-0

[Event "Vienna op 17th"]
[Site "Vienna"]
[Date "2011.08.18"]
[Round "6"]
[White "Bykov, Alexey"]
[Black "Zeller, Frank"]
[Result "0-1"]
[WhiteElo "2278"]
[BlackElo "2395"]
[PlyCount "100"]
[EventDate "2011.08.13"]
[EventType "swiss"]
[EventRounds "9"]
[EventCountry "AUT"]
[SourceTitle "CBM 143 Extra"]
[Source "ChessBase"]
[SourceDate "2011.08.29"]
[SourceVersion "1"]
[SourceVersionDate "2011.08.29"]
[SourceQuality "1"]

1. e4 c5 2. Nf3 e6 3. c3 d5 4. exd5 exd5 5. Bb5+ Nc6 6. Qe2+ Be7 7. 0-0 Bg4 8. Re1 Rc8 9. h3 Bh5 10. g4 Bg6 11. Ne5 Kf8 12. Bxc6 bxc6 13. d3 Bd6 14. Bf4 f6 15. Nxg6+ hxg6 16. Bxd6+ Qxd6 17. Qf3 Ne7 18. c4 g5 19. Nc3 Ng6 20. Qf5 Kf7 21. cxd5 cxd5 22. Nb5 Qc6 23. Nxa7 Nh4 24. Re7+ Kxe7 25. Nxc6+ Kd6 26. Qxc8 Rxc8 27. Na5 Ng6 28. Rc1 Nf4 29. Kf1 Nxd3 30. Rc3 c4 31. b3 Ne5 32. bxc4 dxc4 33. Rc2 Kd5 34. Nb3 Rh8 35. Rd2+ Kc6 36. Nd4+ Kc5 37. Kg2 Nd3 38. Ne2 Kb4 39. Kg3 Rd8 40. Rc2 Ne1 41. Rb2+ Ka3 42. Rb7 Rd3+ 43. Kh2 Nf3+ 44. Kg2 Nh4+ 45. Kg1 Rd1+ 46. Kh2 Rd2 47. Re7 Kxa2 48. Re3 Kb2 49. Re4 c3 50. Nxc3 Kxc3 0-1

[Event "Vienna op 17th"]
[Site "Vienna"]
[Date "2011.08.15"]
[Round "3"]
[White "Bykov, Alexey"]
[Black "Gozzoli, Yannick"]
[Result "1/2-1/2"]
[WhiteElo "2278"]
[BlackElo "2532"]
[PlyCount "46"]
[EventDate "2011.08.13"]
[EventType "swiss"]
[EventRounds "9"]
[EventCountry "AUT"]
[SourceTitle "CBM 143 Extra"]
[Source "ChessBase"]
[SourceDate "2011.08.29"]
[SourceVersion "1"]
[SourceVersionDate "2011.08.29"]
[SourceQuality "1"]

1. d4 Nf6 2. c4 e6 3. Nf3 d5 4. g3 dxc4 5. Bg2 Bb4+ 6. Bd2 c5 7. dxc5 Bxc5 8. Qa4+ Nbd7 9. 0-0 0-0 10. Qxc4 b5 11. Qb3 Bb7 12. Qxb5 Rb8 13. Qa4 Ne4 14. Nc3 Nxf2 15. Rxf2 Bxf3 16. Bxf3 Ne5 17. Qc2 Nxf3+ 18. exf3 Bxf2+ 19. Kxf2 Qb6+ 20. Ke2 Qa6+ 21. Kf2 Qb6+ 22. Ke2 Qa6+ 23. Kf2 Qb6+ 1/2-1/2

[Event "Voronezh Region-ch"]
[Site "Voronezh"]
[Date "2010.12.10"]
[Round "4"]
[White "Polyansky, Viktor"]
[Black "Bykov, Alexey"]
[Result "0-1"]
[WhiteElo "2017"]
[BlackElo "2015"]
[PlyCount "108"]
[EventDate "2010.12.07"]
[EventType "swiss"]
[EventRounds "9"]
[EventCountry "RUS"]
[SourceTitle "EXT 2013"]
[Source "ChessBase"]
[SourceDate "2012.11.22"]
[SourceVersion "1"]
[SourceVersionDate "2012.11.22"]
[SourceQuality "1"]

1. e4 e5 2. Nf3 Nc6 3. d4 exd4 4. Nxd4 Bc5 5. Be3 Qf6 6. c3 Nge7 7. Bc4 Bb6 8. 0-0 0-0 9. Nc2 d6 10. Bxb6 axb6 11. Ne3 Be6 12. Bd5 Bxd5 13. Nxd5 Nxd5 14. Qxd5 Qe6 15. Qxe6 fxe6 16. f4 b5 17. Nd2 b4 18. cxb4 Nxb4 19. Rac1 c6 20. Nc4 Rxa2 21. Nxd6 Rxb2 22. f5 exf5 23. Nxf5 g6 24. Nd6 Nd3 25. Rb1 Rff2 26. Rxb2 Rxb2 27. h3 b5 28. Rf7 c5 29. Rb7 b4 30. Ne8 Rf2 31. e5 Kf8 32. Nd6 Re2 33. Nc4 Nxe5 34. Kf1 Re4 35. Nd2 Rd4 36. Ke2 Rd7 37. Rb5 Rc7 38. Ne4 Nd7 39. Ng5 Ke7 40. Nxh7 Kd6 41. Ng5 Kc6 42. Ra5 Kb6 43. Ra1 Rc6 44. Rd1 Nb8 45. Ne4 c4 46. Rd6 Rxd6 47. Nxd6 Kc5 48. Nb7+ Kd4 49. Kd2 Nc6 50. Nd6 c3+ 51. Kc2 Kd5 52. Ne8 Nd4+ 53. Kd3 c2 54. Nf6+ Ke6 0-1

[Event "Pula op 24th"]
[Site "Pula"]
[Date "2010.06.26"]
[Round "9"]
[White "Barle, Janez"]
[Black "Bykov, Alexey"]
[Result "1-0"]
[WhiteElo "2404"]
[BlackElo "2255"]
[PlyCount "37"]
[EventDate "2010.06.19"]
[EventType "swiss"]
[EventRounds "9"]
[EventCountry "CRO"]
[SourceTitle "CBM 137 Extra"]
[Source "ChessBase"]
[SourceDate "2010.09.01"]
[SourceVersion "1"]
[SourceVersionDate "2010.09.01"]
[SourceQuality "1"]

1. e4 e5 2. f4 exf4 3. Nf3 d5 4. exd5 Nf6 5. Bc4 Nxd5 6. 0-0 Nc6 7. d4 Be6 8. Bb3 Ne3 9. Bxe3 Bxb3 10. Bxf4 Bd5 11. Nc3 Bxf3 12. Qxf3 Qxd4+ 13. Kh1 0-0-0 14. Bxc7 Re8 15. Nd5 Ne5 16. Qf5+ Re6 17. Rad1 Qxb2 18. Rfe1 g6 19. Bxe5 1-0

[Event "Moscow Region-ch op"]
[Site "Moscow"]
[Date "2009.08.04"]
[Round "8"]
[White "Babarykin, Stanislav"]
[Black "Bykov, Alexey"]
[Result "0-1"]
[WhiteElo "2166"]
[BlackElo "2300"]
[PlyCount "64"]
[EventDate "2009.07.29"]
[EventType "swiss"]
[EventRounds "10"]
[EventCountry "RUS"]
[SourceTitle "CBM 131 Extra"]
[Source "ChessBase"]
[SourceDate "2009.09.03"]
[SourceVersion "2"]
[SourceVersionDate "2009.09.16"]
[SourceQuality "1"]

1. e4 e5 2. Nf3 Nc6 3. Bb5 a6 4. Bxc6 dxc6 5. 0-0 Qd6 6. b3 Ne7 7. Bb2 f6 8. Qe2 c5 9. c3 Bg4 10. Rd1 Nc6 11. Na3 0-0-0 12. Nc4 Qd3 13. Re1 Be7 14. Rad1 Rhe8 15. Qxd3 Rxd3 16. Ne3 Be6 17. Re2 Bf8 18. Ne1 Rd7 19. d3 b6 20. N1c2 a5 21. d4 cxd4 22. cxd4 exd4 23. Nxd4 Nxd4 24. Rxd4 Rxd4 25. Bxd4 Rd8 26. Bc3 Rd3 27. Rc2 Bc5 28. Bd2 Kb7 29. Kf1 a4 30. Ke2 axb3 31. Rxc5 b2 32. Rb5 Rb3 0-1

[Event "Moscow Region-ch op"]
[Site "Moscow"]
[Date "2009.07.29"]
[Round "1"]
[White "Bykov, Alexey"]
[Black "Shikhta, Vladislav"]
[Result "1-0"]
[WhiteElo "2300"]
[BlackElo "1880"]
[PlyCount "69"]
[EventDate "2009.07.29"]
[EventType "swiss"]
[EventRounds "10"]
[EventCountry "RUS"]
[SourceTitle "CBM 131 Extra"]
[Source "ChessBase"]
[SourceDate "2009.09.03"]
[SourceVersion "2"]
[SourceVersionDate "2009.09.16"]
[SourceQuality "1"]

1. d4 d5 2. Nf3 Nf6 3. Bf4 e6 4. e3 Be7 5. c4 0-0 6. Nc3 c6 7. Qc2 Nbd7 8. h3 Re8 9. a3 Nf8 10. Bd3 Ng6 11. Bg3 Bd7 12. 0-0 a5 13. Rfd1 Bf8 14. Bh2 Ne7 15. Ne5 Nc8 16. e4 dxe4 17. Nxe4 Nxe4 18. Bxe4 g6 19. d5 exd5 20. cxd5 cxd5 21. Bxd5 Nd6 22. Bxf7+ Nxf7 23. Rxd7 Nxe5 24. Rxd8 Raxd8 25. Rd1 Rxd1+ 26. Qxd1 Bh6 27. Qd5+ Nf7 28. Bg3 Re1+ 29. Kh2 Rb1 30. Qxb7 Bc1 31. Qc8+ Kg7 32. Qc2 Ra1 33. Bc7 a4 34. g3 Bh6 35. Qxa4 1-0

[Event "Voronezh op-A 13th"]
[Site "Voronezh"]
[Date "2009.06.14"]
[Round "3"]
[White "Sukhareva, Evgenia"]
[Black "Bykov, Alexey"]
[Result "1-0"]
[WhiteElo "2182"]
[BlackElo "2300"]
[PlyCount "97"]
[EventDate "2009.06.12"]
[EventType "swiss"]
[EventRounds "9"]
[EventCountry "RUS"]
[SourceTitle "CBM 130 Extra"]
[Source "ChessBase"]
[SourceDate "2009.07.02"]
[SourceVersion "2"]
[SourceVersionDate "2009.07.15"]
[SourceQuality "1"]

1. d4 d5 2. Nf3 Nf6 3. c4 e6 4. e3 c5 5. b3 Nc6 6. Bb2 Be7 7. Nbd2 0-0 8. Rc1 dxc4 9. bxc4 b6 10. Bd3 Bb7 11. Qe2 Qc7 12. 0-0 Rad8 13. Rfd1 Rfe8 14. Bb1 cxd4 15. exd4 Qf4 16. Nf1 Bf8 17. Ne3 Nd7 18. d5 Nce5 19. Nxe5 Nxe5 20. g3 Qf3 21. Qxf3 Nxf3+ 22. Kg2 exd5 23. Kxf3 d4+ 24. Nd5 b5 25. Be4 Rd6 26. Rxd4 bxc4 27. Rcd1 g6 28. Ba3 Rxd5 29. Bxd5 Bxd5+ 30. Rxd5 Bxa3 31. Rd8 Kf8 32. Rxe8+ Kxe8 33. Rd4 c3 34. Rc4 Bb2 35. Ke4 Kd7 36. Kd3 Ba3 37. Rxc3 Bd6 38. Ke4 Bc7 39. Kd5 h5 40. f4 Bb6 41. f5 Ke7 42. Rc6 Bg1 43. fxg6 fxg6 44. Rxg6 Bxh2 45. Ke4 Kf7 46. Kf5 Kf8 47. Kf6 Ke8 48. Rg5 Kd7 49. Kg6 1-0

[Event "Vladimir op-A"]
[Site "Vladimir"]
[Date "2008.08.20"]
[Round "8"]
[White "Bykov, Alexey"]
[Black "Kornev, Alexei"]
[Result "0-1"]
[WhiteElo "2272"]
[BlackElo "2523"]
[PlyCount "86"]
[EventDate "2008.08.12"]
[EventType "swiss"]
[EventRounds "10"]
[EventCountry "RUS"]
[SourceTitle "CBM 126 Extra"]
[Source "ChessBase"]
[SourceDate "2008.11.05"]
[SourceVersion "1"]
[SourceVersionDate "2008.11.05"]
[SourceQuality "1"]

1. d4 Nf6 2. Nf3 e6 3. c4 b6 4. e3 Bb7 5. Bd3 d5 6. cxd5 exd5 7. 0-0 Bd6 8. Nc3 0-0 9. b3 a6 10. Bb2 Nbd7 11. Rc1 Qe7 12. Ne2 Ne4 13. Bb1 g5 14. Qc2 Rac8 15. Ng3 f5 16. Rfe1 Rf7 17. Re2 Re8 18. Qd1 g4 19. Nd2 h5 20. Ndxe4 fxe4 21. Rec2 Qg5 22. Rxc7 Bxc7 23. Rxc7 Nf8 24. Rxf7 Kxf7 25. Ba3 Ng6 26. Ne2 Qf6 27. Qd2 Rc8 28. Bc2 Qc6 29. Bd1 Qb5 30. Nc1 a5 31. h3 gxh3 32. Bxh5 Qf1+ 33. Kxf1 h2 34. Bxg6+ Kxg6 35. f4 h1Q+ 36. Kf2 Ba6 37. Ne2 Bd3 38. Ng3 Qb1 39. Bc5 bxc5 40. Qxa5 Qc2+ 41. Kg1 Qc1+ 42. Kf2 cxd4 43. f5+ Kh7 0-1